Le grand guide du vélo

Bibliographic Details
Main Author: Sidwells, Chris, 1956- (Author)
Format: Book
Language:French
English
PhysicalDescription:240 s. fareb. fotogr. 29 cm
Published: [Paris] Hachette 2004
ISBN:2012369553
Subjects:

MARC

LEADER 00000nam a2200000 a 4500
001 vtls008296029
003 SK-MaSNL
005 20260301204437.0
008 251031s2004 fr o g f 001 0 fre
020 |a 2012369553  |q (viaz.) 
040 |a SNK  |b slo  |c SNK  |e AACR2 
041 1 |a fre  |h eng 
044 |a fr  |c FR 
072 7 |a 62  |x Technika všeobecne  |2 konspekt 
080 |a 62-254  |2 2001 
080 |a (048.8)  |2 2001 
100 1 |a Sidwells, Chris,  |d 1956-  |4 aut  |9 536998 
240 1 0 |a Complete bike book  |l Francúzsky 
245 1 3 |a Le grand guide du vélo  |c Chris Sidwells ; [traduction: Catherine Bricout et Catherine Pierre] 
260 |a [Paris]  |b Hachette  |c 2004 
300 |a 240 s.  |b fareb. fotogr.  |c 29 cm 
650 0 7 |a bicykle  |2 SNKPH  |9 50983 
655 7 |a prehľady  |2 SNKPH  |9 70194 
919 |a 2-01-236955-3 
999 |c 906449  |d 908379 
952 |a SNK  |b SNK  |y PREZ  |7 0  |p 17A0482820  |o snkSB 71009  |i snk2005/15771  |8 2  |g 32.86  |0 0  |1 0  |4 0  |d 2005-08-30  |l 0  |r 2025-04-23 00:00:00  |w 2026-02-24